Antologia popular / (Record no. 88515)

MARC details
000 -LEADER
campo de control de longitud fija 00851cam a2200301Li 4500
001 - NÚMERO DE CONTROL
campo de control 95411
005 - FECHA Y HORA DE LA ÚLTIMA TRANSACCIÓN
campo de control 20230410132829.0
008 - DATOS DE LONGITUD FIJA--INFORMACIÓN GENERAL
campo de control de longitud fija 061026s1997 ve 001 p spa d
035 ## - NÚMERO DE CONTROL DEL SISTEMA
Número de control de sistema (OCoLC)ocn493536377
040 ## - FUENTE DE CATALOGACIÓN
Centro catalogador/agencia de origen ZWZ
Normas de descripción ncafnor
Lengua de catalogación fre
Centro/agencia transcriptor ZWZ
020 ## - NÚMERO INTERNACIONAL ESTÁNDAR DEL LIBRO
Número Internacional Estándar del Libro 9800109706
020 ## - NÚMERO INTERNACIONAL ESTÁNDAR DEL LIBRO
Número Internacional Estándar del Libro 9789800109700
029 0# - OTRO NÚMERO DE CONTROL DE SISTEMA (OCLC)
Identificador de la biblioteca OCLC ZWZ
Número de control de sistema 110266641
035 ## - NÚMERO DE CONTROL DEL SISTEMA
Número de control de sistema (OCoLC)493536377
049 ## - FONDOS LOCALES (OCLC)
Biblioteca depositaria GRAL
050 14 - SIGNATURA TOPOGRÁFICA DE LA BIBLIOTECA DEL CONGRESO
Número de clasificación 1erAPT1erB641a 1997
100 1# - ENTRADA PRINCIPAL--NOMBRE DE PERSONA
Nombre de persona Blanco, Andres Eloy
Fechas asociadas al nombre (1898-1955)
245 10 - MENCIÓN DEL TÍTULO
Título Antologia popular /
Mención de responsabilidad, etc. Andre Eloy Blanco ; prologo Juan Liscano.
250 ## - MENCION DE EDICION
Mención de edición 2a ed.
260 ## - PUBLICACIÓN, DISTRIBUCIÓN, ETC.
Lugar de publicación, distribución, etc. Caracas,
Fecha de publicación, distribución, etc. Monte Avila editores latinoamericana.,
-- 1997.
300 ## - DESCRIPCIÓN FÍSICA
Extensión 1 vol. (296 p.) ;
Dimensiones 16 cm.
490 0# - MENCIÓN DE SERIE
Mención de serie Coleccion Eldorado
700 1# - ENTRADA AGREGADA--NOMBRE PERSONAL
Nombre de persona Liscano, Juan
Fechas asociadas al nombre (1915-....).
Término indicativo de función/relación Pref.
830 #0 - PUNTO DE ACCESO ADICIONAL DE SERIE-TÍTULO UNIFORME
Título uniforme Eldorado.
942 ## - ELEMENTOS DE ENTRADA SECUNDARIOS (KOHA)
Fuente del sistema de clasificación o colocación Clasificación de Library of Congress
994 ## -
-- C0
-- DRFGD
946 ## - PROCESAMIENTO DE INFORMACIÓN LOCAL (OCLC)
a nc
Holdings
Estatus retirado Estado de pérdida Fuente del sistema de clasificación o colocación Estado de daño No para préstamo Colección Biblioteca de origen Biblioteca actual Ubicación en estantería Fecha de adquisición Signatura topográfica completa Código de barras Visto por última vez Tipo de ítem Koha
    Clasificación de Library of Congress     Automatización y Procesos Técnicos Biblioteca Juan Bosch Biblioteca Juan Bosch Automatización y Procesos Técnicos (1er. Piso) 10/04/2023 B641a 1997 00000089443 17/11/2018